[Event "Langley Labour Day op"]
[Site "Langley"]
[Date "2009.09.06"]
[Round "4.14"]
[White "Labik, Peter"]
[Black "Ranile, Romeo"]
[Result "0-1"]
[WhiteElo "1704"]
[BlackElo "1885"]
[PlyCount "80"]
[EventDate "2009.09.06"]
[EventType "swiss"]
[EventRounds "6"]
[EventCountry "CAN"]
[SourceTitle "EXT 2022"]
[Source "ChessBase"]
[SourceDate "2021.10.06"]
[SourceVersion "1"]
[SourceVersionDate "2021.10.06"]
[SourceQuality "1"]

1. e4 d6 2. d4 g6 3. Nf3 Bg7 4. Be2 Nf6 5. Nc3 0-0 6. 0-0 c6 7. h3 Nbd7 8. Be3 b6 9. Qd2 Re8 10. Nh2 Qc7 11. f4 Bb7 12. Bf3 e5 13. Rae1 Rad8 14. Qf2 Ba6 15. Be2 Bb7 16. Ng4 Nxg4 17. hxg4 Bc8 18. f5 exd4 19. Bxd4 Bxd4 20. Qxd4 Ne5 21. Qf2 h6 22. Qh4 Qe7 23. Qxh6 Qf8 24. Qh4 Qg7 25. f6 Qh7 26. Qxh7+ Kxh7 27. g5 Rh8 28. g3 Kg8 29. g4 Bxg4 30. Rf2 Rh5 31. Bxg4 Rxg5 32. Rh2 Nf3+ 33. Kf2 Nxh2 34. Be2 Ng4+ 35. Kf3 Nxf6 36. Kf4 Rg2 37. Rf1 Kg7 38. Bc4 Re8 39. Kf3 Rxc2 40. Rg1 b5 0-1